000
00330nam a2200133Ia 4500
008
210210b1985 xxu||||| |||| 00| 0 eng d
082
_a
346.02 NAIL
100
_a
NAIR (M Krishnan).
245
_a
Law of contracts.
260
_a
Hyderabad
_b
Orient Londman Ltd
_c
1985
300
_a
572
690
_a
Commercial Law
906
_a
040565
999
_c
90568
_d
90568